<?xml version="1.0" encoding="UTF-8"?>
<collection xmlns="http://www.loc.gov/MARC21/slim">
 <record>
  <leader>01981naa a2200277 i 4500</leader>
  <controlfield tag="001">acta70341</controlfield>
  <controlfield tag="005">20220202103644.0</controlfield>
  <controlfield tag="008">200918s2006    hu      o     0||   hun d</controlfield>
  <datafield tag="020" ind1=" " ind2=" ">
   <subfield code="a">963 482 750 0</subfield>
  </datafield>
  <datafield tag="022" ind1=" " ind2=" ">
   <subfield code="a">1419-1288</subfield>
  </datafield>
  <datafield tag="040" ind1=" " ind2=" ">
   <subfield code="a">SZTE Egyetemi Kiadványok Repozitórium</subfield>
   <subfield code="b">hun</subfield>
  </datafield>
  <datafield tag="041" ind1=" " ind2=" ">
   <subfield code="a">hun</subfield>
  </datafield>
  <datafield tag="041" ind1=" " ind2=" ">
   <subfield code="a">eng</subfield>
  </datafield>
  <datafield tag="100" ind1="1" ind2=" ">
   <subfield code="a">Mihály Ferenc</subfield>
  </datafield>
  <datafield tag="245" ind1="1" ind2="0">
   <subfield code="a">Adatok egy erdélyi kegyszobor és egy kegykép történetéhez</subfield>
   <subfield code="h">[elektronikus dokumentum] /</subfield>
   <subfield code="c"> Mihály Ferenc</subfield>
  </datafield>
  <datafield tag="260" ind1=" " ind2=" ">
   <subfield code="c">2006</subfield>
  </datafield>
  <datafield tag="300" ind1=" " ind2=" ">
   <subfield code="a">76-90</subfield>
  </datafield>
  <datafield tag="490" ind1="0" ind2=" ">
   <subfield code="a">Szegedi vallási néprajzi könyvtár</subfield>
   <subfield code="v">16</subfield>
  </datafield>
  <datafield tag="490" ind1="0" ind2=" ">
   <subfield code="a">Kép, képmás, kultusz : [a 6. Szegedi Vallási Néprajzi Konferencia 2002. október 8-10. tanulmányai]</subfield>
   <subfield code="v">16</subfield>
  </datafield>
  <datafield tag="520" ind1="3" ind2=" ">
   <subfield code="a">The paper analyses the history of the most important statue of the Virgin Mary for the Roman Catholics in Transylvania: it is the statue of the Virgin Mary in Csíksomlyó, one of the biggest shrine of Roman Catholic Hungarians in the Carpathian Basin. The author describes some of its parallels in different settlements of Transylvania. He supposes that the statue could be part of an altarbuilding. - The paper also analyses the miraculous picture (painting) of the Virgin Mary which can be seen now in the university, formerJesuit and Piarist church of Kolozsvár/Cluj. There are different interpretations on the origin of the picture in the Hungarian andRomanian tradition. Itis anOrtodox icon. The author describes also the parallels and copies of the picture in churches in Transylvania.</subfield>
  </datafield>
  <datafield tag="650" ind1=" " ind2="4">
   <subfield code="a">Bölcsészettudományok</subfield>
  </datafield>
  <datafield tag="650" ind1=" " ind2="4">
   <subfield code="a">Filozófia, etika és vallástudományok</subfield>
  </datafield>
  <datafield tag="650" ind1=" " ind2="4">
   <subfield code="a">Művészetek (művészetek, művészettörténet, előadóművészetek, zene)</subfield>
  </datafield>
  <datafield tag="695" ind1=" " ind2=" ">
   <subfield code="a">Ikonográfia - néprajz - magyar, Vallási néprajz - magyar, Egyházi művészet - katolikus - Magyarország</subfield>
  </datafield>
  <datafield tag="710" ind1=" " ind2=" ">
   <subfield code="a">Szegedi Vallási Néprajzi Konferencia (6.) (2002) (Szeged)</subfield>
  </datafield>
  <datafield tag="856" ind1="4" ind2="0">
   <subfield code="u">http://acta.bibl.u-szeged.hu/70341/1/szegedi_vallasi_016_076-090.pdf</subfield>
   <subfield code="z">Dokumentum-elérés </subfield>
  </datafield>
 </record>
</collection>
